000 00533nam a2200205Ia 4500
005 20250508162813.0
008 008 250505s9999 xx 000 0 eng d
020 _a0-222-00822-9
037 _aTextual
040 _aFEDL
_beng
_cFEDL
041 _aeng
_2eng
084 _a575, COL
_qFEDL
100 _aColombo Federica
_9774082
245 0 _aAnimal evolution
260 _aLondon, UK
_bBurke Books
_c1981
300 _a92p
490 _aAnimal behaviour
942 _cTEXL
_h575, COL
999 _c1378775
_d1378775